000 00638nam a2200217 a 4500
999 _c5162
_d5162
001 5162
003 BD-JhCC
005 20171209193158.0
008 171209s1982 bg |||| ||a| 000 0 ben d
035 _a(BD-JhCC)5162
040 _aBD-JhCC
_dBD-JhCC
041 _aben
082 _a330
_bRAH 1982
100 _aরহমান, আনিসুর
245 _aঅর্থশাস্ত্র পরিচয় /
_cআনিসুর রহমান
260 _aঢাকা :
_bপুথিঘর লিমিটেড,
_c১৯৮২.
300 _a301 p. :
_c21 cm.
650 _aEconomics
942 _2ddc
_cBK